[Event "FICGS rapid C 000101 email"]
[Site "FICGS email"]
[Date "2011.09.07"]
[Round "1"]
[White "Alvar, Juan"]
[Black "Roe, Philip Lawrence"]
[Result "0-1"]
[WhiteElo "1633"]
[BlackElo "1668"]
[PlyCount "34"]
[EventDate "2011.??.??"]
[EventType "tourn (rapid)"]
[EventRounds "6"]
[SourceTitle "Corr 2013"]
[Source "ChessBase"]
[SourceDate "2012.11.12"]
[SourceVersion "1"]
[SourceVersionDate "2012.11.12"]
[SourceQuality "1"]

1. c4 g6 2. Nc3 Bg7 3. Nf3 d6 4. g3 f5 5. Bg2 e5 6. 0-0 Nf6 7. d3 0-0 8. b4 a5 9. bxa5 Rxa5 10. Nd2 c6 11. Nb3 Ra8 12. a4 Be6 13. Ba3 Na6 14. a5 Rf7 15. Qc2 Bf8 16. Na4 Nd7 17. Rac1 f4 0-1

[Event "FICGS W-ch st1 g05 email"]
[Site "FICGS email"]
[Date "2011.04.01"]
[Round "1"]
[White "Roe, Philip Lawrence"]
[Black "Davis, Mark"]
[Result "1-0"]
[WhiteElo "1804"]
[BlackElo "1372"]
[PlyCount "53"]
[EventDate "2011.??.??"]
[EventType "tourn (corr)"]
[EventRounds "8"]
[SourceTitle "Corr 2013"]
[Source "ChessBase"]
[SourceDate "2012.11.12"]
[SourceVersion "1"]
[SourceVersionDate "2012.11.12"]
[SourceQuality "1"]

1. e4 e5 2. Nf3 Nc6 3. Bb5 d6 4. d4 exd4 5. Nxd4 Bd7 6. Nc3 Nf6 7. 0-0 g6 8. Re1 Bg7 9. Nxc6 bxc6 10. e5 dxe5 11. Rxe5+ Kf8 12. Bc4 Bg4 13. Qe1 Qd7 14. Be3 Nd5 15. Bc5+ Kg8 16. Nxd5 cxd5 17. Rxd5 Qe8 18. Qd2 Be6 19. Re1 Bxb2 20. c3 Rb8 21. Bb3 Qc6 22. Rd8+ Kg7 23. Qd4+ f6 24. Rxh8 Rxh8 25. Rxe6 Qb7 26. Re7+ Kh6 27. Qh4# 1-0

[Event "FICGS rapid B 000176 email"]
[Site "FICGS email"]
[Date "2011.02.23"]
[Round "1"]
[White "Jabot, Daniel"]
[Black "Roe, Philip Lawrence"]
[Result "1-0"]
[WhiteElo "1877"]
[BlackElo "1785"]
[PlyCount "81"]
[EventDate "2011.??.??"]
[EventType "tourn (rapid)"]
[EventRounds "6"]
[SourceTitle "Corr 2013"]
[Source "ChessBase"]
[SourceDate "2012.11.12"]
[SourceVersion "1"]
[SourceVersionDate "2012.11.12"]
[SourceQuality "1"]

1. e4 c6 2. d4 d5 3. e5 Bf5 4. h4 h5 5. c4 e6 6. Bg5 Qb6 7. Qd2 dxc4 8. Nc3 Qa6 9. Nge2 Nd7 10. Ng3 Bg6 11. Be2 f6 12. exf6 gxf6 13. Bf4 0-0-0 14. 0-0 Bb4 15. a3 Bxc3 16. Qxc3 Nb6 17. Qe3 Re8 18. b3 Nd5 19. Qf3 Nxf4 20. Qxf4 Qb6 21. bxc4 Qc7 22. Qd2 Ne7 23. Bf3 Nf5 24. Nxf5 Bxf5 25. d5 Bg4 26. Bxg4 hxg4 27. d6 Qd7 28. g3 e5 29. Rab1 Kb8 30. c5 f5 31. Rb4 Rh7 32. Rfb1 Qc8 33. a4 Ka8 34. a5 a6 35. Kg2 e4 36. Qd4 Qe6 37. Qc4 Qxc4 38. Rxc4 Re5 39. Rd1 Rd7 40. Kf1 Kb8 41. Ke2 1-0

[Event "FICGS rapid B 000176 email"]
[Site "FICGS email"]
[Date "2011.02.23"]
[Round "1"]
[White "Roe, Philip Lawrence"]
[Black "Wilson, Norman C"]
[Result "0-1"]
[WhiteElo "1785"]
[BlackElo "1840"]
[PlyCount "78"]
[EventDate "2011.??.??"]
[EventType "tourn (rapid)"]
[EventRounds "6"]
[SourceTitle "Corr 2013"]
[Source "ChessBase"]
[SourceDate "2012.11.12"]
[SourceVersion "1"]
[SourceVersionDate "2012.11.12"]
[SourceQuality "1"]

1. Nc3 e5 2. Nf3 d6 3. d4 exd4 4. Nxd4 d5 5. e4 c5 6. Bb5+ Bd7 7. Bxd7+ Nxd7 8. Nf5 g6 9. Ng3 d4 10. Nce2 Bg7 11. Bf4 Ne7 12. Qd2 h5 13. h4 0-0 14. Bh6 Bxh6 15. Qxh6 Ne5 16. 0-0-0 Qb6 17. Kb1 Ng4 18. Qg5 f6 19. Qf4 Rfd8 20. Rhf1 c4 21. c3 d3 22. Ng1 a5 23. Rd2 a4 24. a3 Ra5 25. Re1 Re5 26. Rc1 Rb5 27. Nh3 Ne5 28. Re1 Rb3 29. Qe3 Qd6 30. Ka2 b6 31. Ne2 b5 32. Nhf4 b4 33. cxb4 N7c6 34. Nc3 Nxb4+ 35. axb4 a3 36. Qc5 axb2 37. Rxb2 Rxc3 38. Nd5 Ra3+ 39. Kb1 Qa6 0-1

[Event "FICGS rapid B 000172 email"]
[Site "FICGS email"]
[Date "2011.01.16"]
[Round "1"]
[White "Ropokis, Dimitrios"]
[Black "Roe, Philip Lawrence"]
[Result "1/2-1/2"]
[WhiteElo "1798"]
[BlackElo "1785"]
[PlyCount "41"]
[EventDate "2011.??.??"]
[EventType "tourn (rapid)"]
[EventRounds "5"]
[SourceTitle "Corr 2013"]
[Source "ChessBase"]
[SourceDate "2012.11.12"]
[SourceVersion "1"]
[SourceVersionDate "2012.11.12"]
[SourceQuality "1"]

1. d4 Nf6 2. c4 e6 3. Nf3 Bb4+ 4. Bd2 Bxd2+ 5. Nbxd2 d6 6. e4 Nc6 7. Bd3 e5 8. d5 Ne7 9. 0-0 Ng6 10. c5 0-0 11. Nc4 Nf4 12. g3 N4xd5 13. exd5 e4 14. cxd6 cxd6 15. Re1 Re8 16. Bxe4 Nxe4 17. Qd4 Nf6 18. Rxe8+ Nxe8 19. Qf4 b5 20. Ne3 Qf6 21. Qxf6 1/2-1/2

[Event "FICGS rapid B 000167 email"]
[Site "FICGS email"]
[Date "2010.12.10"]
[Round "1"]
[White "Roe, Philip Lawrence"]
[Black "Ropokis, Dimitrios"]
[Result "1-0"]
[WhiteElo "1786"]
[BlackElo "1848"]
[PlyCount "47"]
[EventDate "2010.??.??"]
[EventType "tourn (rapid)"]
[EventRounds "5"]
[SourceTitle "Corr 2013"]
[Source "ChessBase"]
[SourceDate "2012.11.12"]
[SourceVersion "1"]
[SourceVersionDate "2012.11.12"]
[SourceQuality "1"]

1. e4 c6 2. d4 d5 3. f3 dxe4 4. fxe4 e5 5. Nf3 exd4 6. Bc4 Qa5+ 7. Nbd2 Bg4 8. 0-0 Nf6 9. Nb3 Qc7 10. Qxd4 Bxf3 11. gxf3 Nbd7 12. e5 Nd5 13. Bxd5 cxd5 14. Qxd5 Be7 15. f4 0-0 16. Be3 Rac8 17. c3 Rfd8 18. e6 fxe6 19. Qxe6+ Kf8 20. Rad1 Nf6 21. Rxd8+ Rxd8 22. Nd4 Rd7 23. Qxf6+ Bxf6 24. Ne6+ 1-0

[Event "FICGS rapid B 000162 email"]
[Site "FICGS email"]
[Date "2010.10.08"]
[Round "1"]
[White "Sternik, Ryszard"]
[Black "Roe, Philip Lawrence"]
[Result "1-0"]
[WhiteElo "1798"]
[BlackElo "1809"]
[PlyCount "65"]
[EventDate "2010.??.??"]
[EventType "tourn (rapid)"]
[EventRounds "6"]
[SourceTitle "Corr 2013"]
[Source "ChessBase"]
[SourceDate "2012.11.12"]
[SourceVersion "1"]
[SourceVersionDate "2012.11.12"]
[SourceQuality "1"]

1. e4 e5 2. Nf3 Nc6 3. d4 exd4 4. Nxd4 Bc5 5. Be3 Qf6 6. c3 Nge7 7. Qd2 Bb6 8. Nb5 Nd8 9. Bxb6 Qxb6 10. Qd4 Ne6 11. Qxb6 axb6 12. Bc4 Kd8 13. 0-0 d6 14. Nd2 Bd7 15. a4 Ng6 16. g3 Ne5 17. Bd5 Ke7 18. f4 Rxa4 19. Rxa4 Bxb5 20. Ra7 Bxf1 21. Kxf1 Nc6 22. Bxc6 bxc6 23. f5 Nc5 24. Rxc7+ Nd7 25. Nc4 Rb8 26. Rxc6 b5 27. Nxd6 Ne5 28. Rc5 Nd7 29. Rd5 Nb6 30. f6+ Ke6 31. Rd4 Na4 32. fxg7 Nxb2 33. Ke2 1-0

[Event "FICGS rapid B 000158 email"]
[Site "FICGS email"]
[Date "2010.08.21"]
[Round "1"]
[White "Faust, Dieter"]
[Black "Roe, Philip Lawrence"]
[Result "0-1"]
[WhiteElo "1851"]
[BlackElo "1821"]
[PlyCount "70"]
[EventDate "2010.??.??"]
[EventType "tourn (rapid)"]
[EventRounds "5"]
[SourceTitle "Corr 2013"]
[Source "ChessBase"]
[SourceDate "2012.11.12"]
[SourceVersion "1"]
[SourceVersionDate "2012.11.12"]
[SourceQuality "1"]

1. d4 Nf6 2. c4 Nc6 3. Nf3 e6 4. g3 Bb4+ 5. Bd2 Qe7 6. Nc3 0-0 7. Bg2 Na5 8. b3 b6 9. a3 Bxa3 10. Nb5 Bb4 11. Nxc7 Rb8 12. 0-0 Bb7 13. Bf4 a6 14. d5 d6 15. Ra4 Bc5 16. b4 Qxc7 17. bxc5 Qxc5 18. dxe6 Nxc4 19. Rxc4 Qxc4 20. e7 Rfe8 21. Bxd6 Qc8 22. Qb3 Bd5 23. Qa3 Qb7 24. Bh3 Ra8 25. Rc1 b5 26. Qe3 a5 27. Nh4 Ra6 28. Nf5 Be4 29. Qf4 Qd5 30. Bc5 Nh5 31. Qh4 Bxf5 32. Qxh5 Rf6 33. e3 a4 34. Bd4 g6 35. Qg5 Rd6 0-1

[Event "FICGS rapid B 000158 email"]
[Site "FICGS email"]
[Date "2010.08.21"]
[Round "1"]
[White "Roe, Philip Lawrence"]
[Black "Weglicki, Slawomir"]
[Result "1-0"]
[WhiteElo "1821"]
[BlackElo "1714"]
[PlyCount "87"]
[EventDate "2010.??.??"]
[EventType "tourn (rapid)"]
[EventRounds "5"]
[SourceTitle "Corr 2013"]
[Source "ChessBase"]
[SourceDate "2012.11.12"]
[SourceVersion "1"]
[SourceVersionDate "2012.11.12"]
[SourceQuality "1"]

1. e4 c5 2. Nf3 e6 3. d4 cxd4 4. Nxd4 Nc6 5. Nc3 Qc7 6. f4 a6 7. Nb3 b5 8. Bd3 d6 9. 0-0 Nf6 10. Qf3 Rb8 11. Bd2 g6 12. Rae1 Bg7 13. Ne2 0-0 14. c3 Bb7 15. Ned4 Rbd8 16. Qh3 d5 17. e5 Ne4 18. Bc1 Nxd4 19. Nxd4 Rfe8 20. Nb3 Bf8 21. Be3 Rd7 22. Bd4 Rc8 23. Bxe4 dxe4 24. a3 Be7 25. Qe3 Qd8 26. Rf2 Rc4 27. Rd2 Rc8 28. Bb6 Qe8 29. Rxd7 Qxd7 30. Nd2 Qd3 31. Qxd3 exd3 32. Re3 Rc6 33. Bd4 Rc8 34. Kf2 h5 35. Rxd3 h4 36. Bb6 Bd5 37. Nf3 Kf8 38. Ba5 Bc5+ 39. Kf1 Bc4 40. Ke2 h3 41. g3 Kg7 42. Kd2 Bxd3 43. Kxd3 Rb8 44. Ke4 1-0

[Event "FICGS rapid B 000152 email"]
[Site "FICGS email"]
[Date "2010.06.17"]
[Round "1"]
[White "Roe, Philip Lawrence"]
[Black "Faust, Dieter"]
[Result "0-1"]
[WhiteElo "1786"]
[BlackElo "1860"]
[PlyCount "116"]
[EventDate "2010.??.??"]
[EventType "tourn (rapid)"]
[EventRounds "5"]
[SourceTitle "Corr 2013"]
[Source "ChessBase"]
[SourceDate "2012.11.12"]
[SourceVersion "1"]
[SourceVersionDate "2012.11.12"]
[SourceQuality "1"]

1. e4 c5 2. Nf3 d6 3. Bb5+ Bd7 4. Bxd7+ Nxd7 5. 0-0 Ngf6 6. Qe2 g6 7. c3 Bg7 8. d4 e6 9. Rd1 cxd4 10. cxd4 d5 11. e5 Ne4 12. Nbd2 Nxd2 13. Bxd2 0-0 14. Bb4 Re8 15. Qd2 f6 16. exf6 Nxf6 17. Rac1 Qb6 18. Bc5 Ne4 19. Bxb6 Nxd2 20. Rxd2 axb6 21. Ra1 b5 22. g4 Rf8 23. Kg2 Rf4 24. h3 h5 25. Kg3 Re4 26. Rc1 Bh6 27. g5 Bf8 28. Rdc2 Bd6+ 29. Kg2 Kf7 30. Rc8 Rxc8 31. Rxc8 Re2 32. Rd8 Ke7 33. Rh8 Rxb2 34. Rh7+ Ke8 35. Rg7 b4 36. Rxg6 Rxa2 37. Rxe6+ Kd7 38. Re3 Ra3 39. Re1 b3 40. Rb1 Bb4 41. Ng1 Bd2 42. g6 Ke7 43. Ne2 Kf6 44. Rb2 Bh6 45. Nc3 Bc1 46. Nxd5+ Kxg6 47. Re2 Ra6 48. Re7 b6 49. Nc3 b2 50. d5 b5 51. d6 Rxd6 52. Re4 Rd3 53. Nb1 Bg5 54. Re1 Bf6 55. f3 b4 56. Kf2 Rc3 57. Ke2 Rc1 58. Rd1 Kg5 0-1

[Event "FICGS rapid B 000145 email"]
[Site "FICGS email"]
[Date "2010.03.05"]
[Round "1"]
[White "Roe, Philip Lawrence"]
[Black "Payzansky, Aleksey"]
[Result "1/2-1/2"]
[WhiteElo "1728"]
[BlackElo "1798"]
[PlyCount "93"]
[EventDate "2010.??.??"]
[EventType "tourn (rapid)"]
[EventRounds "6"]
[SourceTitle "Corr 2013"]
[Source "ChessBase"]
[SourceDate "2012.11.12"]
[SourceVersion "1"]
[SourceVersionDate "2012.11.12"]
[SourceQuality "1"]

1. e4 c5 2. Nf3 d6 3. d4 cxd4 4. Nxd4 Nf6 5. Nc3 g6 6. Be3 Bg7 7. f3 0-0 8. Qd2 Nc6 9. 0-0-0 d5 10. exd5 Nxd5 11. Nxc6 bxc6 12. Bd4 Nxc3 13. Qxc3 Bh6+ 14. Be3 Bxe3+ 15. Qxe3 Qb6 16. Qxe7 Be6 17. Qa3 Rad8 18. Bd3 Rd5 19. Qc3 Ra5 20. a3 Rb8 21. Rhe1 Rd5 22. Be4 Rg5 23. Re2 Rb5 24. Qxc6 Rxb2 25. Qxb6 R8xb6 26. Rd4 Rb1+ 27. Kd2 Ra6 28. Re3 Kg7 29. f4 Ra1 30. Rdd3 Bc4 31. Rc3 Rd6+ 32. Bd3 Bd5 33. g3 Rh1 34. h4 Rh2+ 35. Re2 Rh3 36. Re3 Rh2+ 37. Kd1 Rg2 38. Kc1 Rg1+ 39. Kd2 Rg2+ 40. Be2 Be6+ 41. Ke1 Rb6 42. Rc7 a6 43. a4 Rb1+ 44. Kd2 Bg4 45. Ree7 Kg8 46. Re8+ Kg7 47. Ree7 1/2-1/2